Papa Alessandro VI : (Record n. 26106)
[ formato base ]
| 000 -LEADER | |
|---|---|
| fixed length control field | 00657nam a2200205 i 4500 |
| 003 - CONTROL NUMBER IDENTIFIER | |
| control field | IT-RoINE |
| 005 - DATE AND TIME OF LATEST TRANSACTION | |
| control field | 20180717063708.0 |
| 008 - FIXED-LENGTH DATA ELEMENTS--GENERAL INFORMATION | |
| fixed length control field | 070122s1880 it |||||r 000 ||ita d |
| 040 ## - CATALOGING SOURCE | |
| Transcribing agency | IT-RoINE |
| Modifying agency | IT-RoINE |
| 100 1# - MAIN ENTRY--PERSONAL NAME | |
| Personal name | Leonetti, Andrea, |
| Dates associated with a name | 1838-1887 |
| 9 (RLIN) | 51701 |
| 245 10 - TITLE STATEMENT | |
| Title | Papa Alessandro VI : |
| Remainder of title | secondo documenti e carteggi del tempo / |
| Statement of responsibility, etc | A. Leonetti. |
| 260 ## - PUBLICATION, DISTRIBUTION, ETC. (IMPRINT) | |
| Place of publication, distribution, etc | Bologna : |
| Name of publisher, distributor, etc | Tipografia Pont. Mareggiani, |
| Date of publication, distribution, etc | 1880. |
| 300 ## - PHYSICAL DESCRIPTION | |
| Extent | 3 v. ; |
| Dimensions | 19 cm. |
| 336 ## - CONTENT TYPE | |
| Source | rdacontent |
| Content type term | text |
| 337 ## - MEDIA TYPE | |
| Source | rdamedia |
| Media type term | unmediated |
| 338 ## - CARRIER TYPE | |
| Source | rdacarrier |
| Carrier type term | volume |
| 504 ## - BIBLIOGRAPHY, ETC. NOTE | |
| Bibliography, etc | Incluye bibliografía. |
| 600 04 - SUBJECT ADDED ENTRY--PERSONAL NAME | |
| Personal name | Alejandro |
| Numeration | VI, |
| Titles and other words associated with a name | Papa, |
| Dates associated with a name | 1431-1503 |
| 9 (RLIN) | 4278 |
| 942 ## - ADDED ENTRY ELEMENTS (KOHA) | |
| Item type | Monografías |
| Withdrawn status | Lost status | Damaged status | Not for loan | Home library | Current library | Date acquired | Total Checkouts | Full call number | Barcode | Date last seen | Price effective from | Koha item type | Public note |
|---|---|---|---|---|---|---|---|---|---|---|---|---|---|
| Iglesia Nacional Española en Roma | Iglesia Nacional Española en Roma | 17/07/2018 | HIS.ECL 215.1 | 51720 | 17/07/2018 | 17/07/2018 | Monografías | Vol. I. | |||||
| Iglesia Nacional Española en Roma | Iglesia Nacional Española en Roma | 17/07/2018 | HIS.ECL 215.2 | 51721 | 17/07/2018 | 17/07/2018 | Monografías | Vol. II. | |||||
| Iglesia Nacional Española en Roma | Iglesia Nacional Española en Roma | 17/07/2018 | HIS.ECL 215.3 | 51723 | 17/07/2018 | 17/07/2018 | Monografías | Vol. III. |